Compendio de información estadística

Uloženo v:
Podrobná bibliografie
Médium: Kniha
Jazyk:španělština
Vydáno: Santiago Ministerio de Educación, Departamento de Estadística 1990
Témata:
Tagy: Přidat tag
Žádné tagy, Buďte první, kdo vytvoří štítek k tomuto záznamu!

MARC

LEADER 00000nam a2200000 a 4500
001 UCV9008
003 CL-VaPUC
008 920410e19900000CL |||||||||||||||||spa|d
082 0 4 |a 370.983  |b COM  |2 21 
245 1 0 |a Compendio de información estadística 
300 |a 135 p 
942 |c BK 
945 |d 19920410 00:00:00 
260 |a Santiago  |b Ministerio de Educación, Departamento de Estadística  |c 1990 
650 0 |a Estadística matemática  |9 260028 
650 7 |a ESTADISTICA EDUCACIONAL  |2 CL-VaPUC  |9 267439 
651 7 |a CHILE  |2 CL-VaPUC  |9 302981 
583 |a last modification  |c 20170911 03:17:56  |k Rodrigo Vera 
999 |c 214408  |d 214406 
952 |0 0  |1 0  |4 0  |6 370_983000000000000_COM_1990  |7 0  |8 A  |9 197725  |a BIBEDU  |b BIBEDU  |d 2019-11-14  |i 2653915  |o 370.983 COM 1990  |p 2653915  |r 2019-11-14  |w 2019-11-14  |y BK  |k EDU